000 00495nam a2200181Ia 4500
005 20250326141414.0
008 250326s9999 xx 000 0 und d
037 _aTextbook
040 _aFMSL
_beng
_cFMSL
041 _aeng
_2eng
084 _aX.1 M3
_qFMSL
100 _aHamsagar R S
_9744370
245 0 _aEconomics of choice
_cHamsagar R S
260 _aNew Delhi
_bNew Delhi, Documentation Centre
_c1983
300 _a120p
942 _cTB
_hX.1 M3
999 _c1290150
_d1290150